Guyton and Hall textbook of medical physiology / (Record no. 44102)

MARC details
001 - CONTROL NUMBER
control field 21487647
003 - CONTROL NUMBER IDENTIFIER
control field 0000
005 - DATE AND TIME OF LATEST TRANSACTION
control field 20260311141658.0
008 - FIXED-LENGTH DATA ELEMENTS--GENERAL INFORMATION
fixed length control field 200401s2020 paua b 001 0 eng
010 ## - LIBRARY OF CONGRESS CONTROL NUMBER
LC control number 2020936245
020 ## - INTERNATIONAL STANDARD BOOK NUMBER
International Standard Book Number 9780443111013
035 ## - SYSTEM CONTROL NUMBER
System control number 21487647
040 ## - CATALOGING SOURCE
Original cataloging agency DLC
Language of cataloging eng
Description conventions rda
Transcribing agency DLC
042 ## - AUTHENTICATION CODE
Authentication code pcc
050 00 - LIBRARY OF CONGRESS CALL NUMBER
Classification number QP 34.5 .G89
100 1# - MAIN ENTRY--PERSONAL NAME
Personal name Hall, John E.
Fuller form of name (John Edward),
Dates associated with a name 1946-
Relator term author.
245 10 - TITLE STATEMENT
Title Guyton and Hall textbook of medical physiology /
Statement of responsibility, etc John E. Hall, PhD, Arthur C. Guyton Professor and Chair, Department of Physiology and Biophysics, Director, Mississippi Center for Obesity Research, University of Mississippi Medical Center, Jackson, Mississippi, and Michael E. Hall, MD, MS, Associate Professor, Department of Medicine, Division of Cardiovascular Diseases, Associate Vice Chair for Research, Department of Physiology and Biophysics, University of Mississippi Medical Center, Jackson, Mississippi.
246 1# - VARYING FORM OF TITLE
Title proper/short title Textbook of medical physiology
250 ## - EDITION STATEMENT
Edition statement 15th edition.
264 #1 - PUBLICATION, DISTRIBUTION, ETC. (IMPRINT)
Place of publication, distribution, etc Philadelphia, PA :
Name of publisher, distributor, etc Elsevier,
Date of publication, distribution, etc 2026
300 ## - PHYSICAL DESCRIPTION
Extent xix, 1132 pages :
Other physical details color illustrations ;
Dimensions 29 cm
336 ## - CONTENT TYPE
Content type term text
Content type code txt
Source rdacontent
337 ## - MEDIA TYPE
Media type term unmediated
Media type code n
Source rdamedia
338 ## - CARRIER TYPE
Carrier type term volume
Carrier type code nc
Source rdacarrier
500 ## - GENERAL NOTE
General note Revised edition of: Guyton and Hall textbook of medical physiology / John E. Hall. 13th edition. [2016].
504 ## - BIBLIOGRAPHY, ETC. NOTE
Bibliography, etc Includes bibliographical references and index.
520 ## - SUMMARY, ETC.
Summary, etc "This is a comprehensive textbook of medical physiology"--
Assigning source Provided by publisher.
650 #0 - SUBJECT ADDED ENTRY--TOPICAL TERM
Topical term or geographic name as entry element Human physiology.
650 #0 - SUBJECT ADDED ENTRY--TOPICAL TERM
Topical term or geographic name as entry element Physiology, Pathological.
700 1# - ADDED ENTRY--PERSONAL NAME
Personal name Hall, Michael E.
Fuller form of name (Michael Edward),
Relator term author.
906 ## - LOCAL DATA ELEMENT F, LDF (RLIN)
a 7
b cbc
c orignew
d 2
e epcn
f 20
g y-gencatlg
942 ## - ADDED ENTRY ELEMENTS (KOHA)
Source of classification or shelving scheme Library of Congress Classification
Koha item type Books
Holdings
Withdrawn status Lost status Source of classification or shelving scheme Damaged status Not for loan Permanent Location Current Location Date acquired Total Checkouts Full call number Barcode Date last seen Price effective from Koha item type
    Library of Congress Classification     NILE UNIVERSITY OF NIGERIA - MAIN LIBRARY NILE UNIVERSITY OF NIGERIA - MAIN LIBRARY 03/11/2026   QP 34.5 .G89 2026 0199493 03/11/2026 03/11/2026 Books